Statistiques concernant Culture Générale - Série 1812

Cliquez ici pour prendre le quiz!

Statistiques générales

  • Ce quiz a été pris 179 fois
  • Le résultat moyen est 7 sur 10

Statistiques - réponses

QuestionRéponse% Correct
Dans quelle ville se déroule l'action de la série télévisée "Plus belle la vie" ?Marseille
98%
Quelle est la capitale de Malte ?La Valette
92%
Dans quel pays le théâtre "nô" est-il représenté ?Japon
86%
A quelle ville le nom des Médicis est-il lié ?Florence
83%
Sous que pseudonyme connait-on mieux l'auteur de bandes dessinées Georges Remi ?Hergé
72%
Qui a écrit "A la recherche du temps perdu" ?Marcel Proust
72%
Qui était surnommé "le caudillo" ?Franco
60%
Dans quelle ville se trouve la banque centrale européenne ?Francfort
55%
De quel département la ville d'Aubenas est-elle un chef-lieu de canton ? Ardèche
47%
Quel métier exerçait le héros de la Résistance Jean Moulin ?préfet
44%

Distribution des résultats

Percentile par nombre de réponses

% des personnes avec chaque résultat

Votre développement - résultats

Vous n’avez pas pris ce quiz